Score 0/22 Timer 02:30
0 Plays Today
% Correct
TAN
100%
ANT
86.8%
TIN
86.8%
AIN
78.9%
NIT
78.9%
ZIT
76.3%
AIT
71.1%
ZIN
71.1%
ANA
68.4%
ANI
68.4%
AIA
60.5%
% Correct
TAIN
60.5%
NAN
57.9%
ANTI
44.7%
INN
36.8%
ANNA
34.2%
NAAN
31.6%
NANA
31.6%
ANTA
28.9%
NAZI
28.9%
AZAN
10.5%
ZANANA
7.9%
Remove Ads.
Support Sporcle.
Get the best of Sporcle when you Go Orange. This ad-free experience offers more features, more stats, and more fun while also helping to support Sporcle. Thank you for becoming a member.

You're not logged in!

Compare scores with friends on all Sporcle quizzes.
OR
Log In

Sporcle TV

Today on Sporcle TV


Watch our educational content, quiz creation guides, and fun videos on Sporcle TV.

Show Comments

Extras

Top Quizzes Today


Score Distribution

Paid Content

Your Account Isn't Verified!

In order to create a playlist on Sporcle, you need to verify the email address you used during registration. Go to your Sporcle Settings to finish the process.

Report this User

Report this user for behavior that violates our Community Guidelines.

Details: